Estadísticas para Geografía de Argentina en un Mapa

Haz click aquí para intentar la prueba.

Estadísticas generales

  • Esta prueba ha sido intentada 1.114 veces
  • La puntuación promedio es 13 de 20

Respuestas en el mapa

Las respuestas están codificadas por una escala verde-roja en el mapa de la prueba según el % correcto abajo.
 

Estadísticas de respuestas

CategoríaRespuesta% Correcto
CiudadBuenos Aires
93%
CiudadRosario
84%
IslaTierra del Fuego
80%
CiudadMendoza
78%
ProvinciaSalta
77%
ProvinciaCorrientes
73%
ProvinciaChubut
72%
ProvinciaLa Pampa
72%
ProvinciaSan Juan
72%
CiudadSan Miguel de Tucumán
72%
CiudadSanta Fe
71%
Montaña/Volcán/MonteAconcagua
69%
Río/LagunaParaná
69%
ProvinciaLa Rioja
68%
CiudadNeuquén
62%
Río/LagunaUruguay
56%
Río/LagunaMar Chiquita
34%
IslaIsla de Los Estados
20%
Montaña/Volcán/MonteNevado Ojos del Salado
17%
Montaña/Volcán/MontePissis
13%

Distribución de puntuación

Porcentaje por número respondido

Porcentaje de gente con cada puntuación

Historial de tus puntuaciones

No has intentado esta prueba.